LEADER 01146nam0-22003371i-450- 001 990005476690403321 005 20061129110219.0 035 $a000547669 035 $aFED01000547669 035 $a(Aleph)000547669FED01 035 $a000547669 100 $a19990604d1975----km-y0itay50------ba 101 0 $afre 102 $aFR 105 $ay-------101yy 200 1 $a<>ville au 18. siècle$ecolloque d'Aix-en-Provence$e(29 avril-1er mai 1973) 210 $aAix-en-Provence$cEdisud$d1975 215 $a297 p.$d24 cm 225 1 $aCentre Aixois d'Études et de Recherches sur le 18. siècle$v18 300 $aIn testa al front.: Centre aixois d'etudes et de recherches sur le 18. siècle 610 0 $aVille$a18. secolo$aCongressi$aAix-en-Provence$a1973 610 0 $aComunità urbane 676 $a307.76$v21$zita 712 02$aCentre aixois d'études et de recherches sur le 18. siécle 801 0$aIT$bUNINA$gRICA$2UNIMARC 901 $aBK 912 $a990005476690403321 952 $a307.76 CONV AIX-EN-PROVENCE 1973$bSt. med. mod. 7726$fFLFBC 959 $aFLFBC 996 $aVille au 18. siècle$9587564 997 $aUNINA